000 01206nam a22003017a 4500
005 20260203124734.0
008 260203b |||||||| |||| 00| 0 eng d
020 _a978-1-78714-851-2
050 _aP96.T47
_bS86 2018
100 _aSumiala, Johanna
245 _aHybrid Media Events: The Charlie Hebdo Attacks and the Global Circulation of Terrorist Violence
260 _aBingley, UK
_bEmerald Publishing Limited
_c2018
300 _axix, 156 p. :
_billustrations ;
_c24 cm
500 _aIncludes bibliographical references (pages 135-148) and index.
650 _aDigital media
_xSocial aspects.
650 _aTerrorism and mass media.
650 _aTerrorism in mass media.
650 _aMass media
_xPolitical aspects.
650 _aCharlie Hebdo Attack
_xParis, France
_y2015.
650 _aMass media and world politics.
650 _aWar on Terrorism, 2001-2009, in mass media.
650 _aDigital communications.
700 _aValaskivi, Katja
_eAuthor
700 _aTikka, Minttu
_eAuthor
700 _aHuhtama, Jukka
_eAuthor
856 _uhttps://www.emerald.com/books/monograph/11273/Hybrid-Media-EventsThe-Charlie-Hebdo-Attacks-and?searchresult=1
942 _2lcc
_cEBKS
999 _c60118
_d60118